• 首页
  • 本馆介绍
  • 公告通知
  • 最新文献
  • 馆藏检索
  • 电子资源
  • 读者导购
  • 参考咨询
  • 我的图书馆
  • 登录
  • 详细信息显示
  • 放入我的书架
  • 预约/预借图书
  • 作者相关作品
  • 分类相关作品
  • 丛书相关作品
  • 出版社相关作品

书目信息

  • 表格格式
  • 工作单格式
  • 卡片格式
题名:
Photoshop移动UI设计
    
 
作者: 张晨起 主编
分册:  
出版信息: 北京   人民邮电出版社  2016.5
页数: 152页
开本: 26cm
丛书名:
单 册:
中图分类: TN929.53 , TP391.413
科图分类:
主题词: 移动电话机--人机界面--程序设计 , 图象处理软件
电子资源:
ISBN: 978-7-115-41287-4
000 00922nam0 2200265 450
001 0400003255
005 20171022080051.0
010    @a978-7-115-41287-4@dCNY49.80
100    @a20171022e20172016em y0chiy0110 ea
101 0  @achi
102    @aCN@b110000
105    @aa z 000yy
106    @ar
200 1  @aPhotoshop移动UI设计@9Photoshop yi dong UI she ji@d= Photoshop App UI design@f张晨起主编@zeng
210    @a北京@c人民邮电出版社@d2016.5@h2017.6
215    @a152页@c图@d26cm
330    @a本书主要讲解了iOS、Android和Windows Phone这三种主流智能手机的操作系统界面、App元素和基本风格,全面解析了各类App界面的具体绘制方法与技巧。
510 1  @aPhotoshop App UI design@zeng
606 0  @a移动电话机@x人机界面@x程序设计
606 0  @a图象处理软件
690    @aTN929.53@v5
690    @aTP391.413@v5
701  0 @a张晨起@9zhang chen qi@4主编
801  0 @aCN@b91MARC@c20171022
905    @b1033506-10@dTN929.53@f5@e215
    
    Photoshop移动UI设计= Photoshop App UI design/张晨起主编.-北京:人民邮电出版社,2016.5(2017.6)
    152页:图;26cm
    
    
    ISBN 978-7-115-41287-4:CNY49.80
    本书主要讲解了iOS、Android和Windows Phone这三种主流智能手机的操作系统界面、App元素和基本风格,全面解析了各类App界面的具体绘制方法与技巧。
●
相关链接 在E读中查询图书 在五车中查询图书 在当当中查询图书 在豆瓣中查询图书


正题名:Photoshop移动UI设计     索取号:TN929.53/215         预约/预借

序号 登录号 条形码 馆藏地/架位号 状态 备注
1 1033506   210335065   第二样本阅览室/ [索取号:TN929.53/215] 在馆    
2 1033507   210335074   密集书库-物理学院/ [索取号:TN929.53/215] 在馆    
3 1033508   210335083   第三借阅区/ [索取号:TN929.53/215] 在馆    
4 1033509   210335092   第三借阅区/ [索取号:TN929.53/215] 在馆    
5 1033510   210335109   第三借阅区/ [索取号:TN929.53/215] 在馆    
唐山师范学院图书馆 欢迎您!
大连网信软件有限公司© 版权所有